[Event "RUS-ch Seniors"]
[Site "Odintsovo"]
[Date "2011.04.27"]
[Round "9"]
[White "Mamoshin, Valery"]
[Black "Burkov, Dmitry"]
[Result "0-1"]
[WhiteElo "2182"]
[BlackElo "2008"]
[PlyCount "145"]
[EventDate "2011.04.19"]
[EventType "swiss"]
[EventRounds "9"]
[EventCountry "RUS"]
[SourceTitle "CBM 142 Extra"]
[Source "ChessBase"]
[SourceDate "2011.06.27"]
[SourceVersion "1"]
[SourceVersionDate "2011.06.27"]
[SourceQuality "1"]

1. d4 Nf6 2. c4 e6 3. g3 Bb4+ 4. Bd2 Qe7 5. Bg2 0-0 6. a3 Bxd2+ 7. Nxd2 d6 8. Qb3 Nbd7 9. e3 e5 10. Ne2 c5 11. dxe5 dxe5 12. Nc3 Rd8 13. 0-0 Nb6 14. Rfd1 Bg4 15. f3 Be6 16. e4 Rd4 17. Nd5 Bxd5 18. exd5 Ne8 19. Qc2 Nd6 20. b3 f5 21. Re1 Qf6 22. Re2 a5 23. a4 Nd7 24. Rae1 h5 25. Nb1 h4 26. Nc3 hxg3 27. hxg3 Kf7 28. Bf1 Qg5 29. Rg2 Rh8 30. Qc1 Qxc1 31. Rxc1 Kf6 32. Re1 g5 33. Rge2 Rd3 34. Re3 Rxe3 35. Rxe3 Re8 36. Bh3 Nf8 37. Kf2 Ng6 38. Bg2 Rh8 39. Re2 Re8 40. Re1 Nh8 41. Re2 Nhf7 42. Ke1 Nh6 43. Nb5 Nxb5 44. axb5 b6 45. Kf2 Nf7 46. Re1 Nd6 47. Rh1 Kg6 48. Re1 Kf6 49. Rh1 Nf7 50. g4 Rh8 51. Rxh8 Nxh8 52. Bf1 Nf7 53. Bd3 e4 54. fxe4 Ne5 55. Be2 fxg4 56. Kg3 Ke7 57. Bxg4 a4 58. bxa4 Nxc4 59. Be2 Ne5 60. Kf2 Kd7 61. Ke3 Kc7 62. Bd1 Kd6 63. Be2 Nf7 64. Bh5 Nd8 65. a5 bxa5 66. b6 a4 67. Bd1 a3 68. Bb3 Nb7 69. Kf3 Ke5 70. Kg4 Kxe4 71. Kxg5 Kd4 72. Kf6 c4 73. Ba2 0-1

[Event "RUS-ch Seniors"]
[Site "Odintsovo"]
[Date "2011.04.25"]
[Round "7"]
[White "Kachar, Vladimir"]
[Black "Burkov, Dmitry"]
[Result "1/2-1/2"]
[WhiteElo "2288"]
[BlackElo "2008"]
[PlyCount "84"]
[EventDate "2011.04.19"]
[EventType "swiss"]
[EventRounds "9"]
[EventCountry "RUS"]
[SourceTitle "CBM 142 Extra"]
[Source "ChessBase"]
[SourceDate "2011.06.27"]
[SourceVersion "1"]
[SourceVersionDate "2011.06.27"]
[SourceQuality "1"]

1. d4 Nf6 2. c4 e6 3. Nc3 Bb4 4. Nf3 b6 5. Bg5 h6 6. Bh4 g5 7. Bg3 Ne4 8. Qc2 Bb7 9. e3 Bxc3+ 10. bxc3 Nxg3 11. hxg3 Qf6 12. Nd2 Nc6 13. c5 h5 14. Be2 g4 15. Nb3 Ne7 16. e4 Qg6 17. Bd3 f5 18. exf5 exf5 19. Rg1 Qf6 20. 0-0-0 0-0-0 21. Rde1 Rdf8 22. Kb1 Nd5 23. Re5 Ne7 24. Rge1 Be4 25. Bxe4 fxe4 26. R5xe4 Nc6 27. R1e2 Qg5 28. Kb2 Rf5 29. Re8+ Rxe8 30. Rxe8+ Kb7 31. Re2 Rf7 32. c4 Re7 33. a3 a5 34. d5 Qf6+ 35. Ka2 Nb8 36. cxb6 cxb6 37. Qb2 Rxe2 38. Qxe2 a4 39. Nd2 Qc3 40. Ne4 Qb3+ 41. Ka1 Qxa3+ 42. Kb1 Qb4+ 1/2-1/2

[Event "Moscow op-E"]
[Site "Moscow"]
[Date "2011.02.04"]
[Round "7.194"]
[White "Cho, Seongho"]
[Black "Burkov, Dmitry"]
[Result "1/2-1/2"]
[WhiteElo "1726"]
[BlackElo "2026"]
[PlyCount "110"]
[EventDate "2011.01.29"]
[EventType "swiss"]
[EventRounds "9"]
[EventCountry "RUS"]
[SourceTitle "EXT 2022"]
[Source "ChessBase"]
[SourceDate "2021.10.06"]
[SourceVersion "1"]
[SourceVersionDate "2021.10.06"]
[SourceQuality "1"]

1. d4 Nf6 2. c4 e6 3. Nf3 b6 4. g3 Bb7 5. Bg2 Be7 6. Nc3 Ne4 7. Bd2 0-0 8. d5 Nxd2 9. Qxd2 d6 10. 0-0 e5 11. e4 a5 12. b3 Na6 13. a3 Nc5 14. Qc2 Bc8 15. b4 Nb7 16. Nd2 Re8 17. Rae1 Bd7 18. f4 Bf6 19. f5 Qe7 20. Nf3 axb4 21. axb4 Ra3 22. Qb2 Rea8 23. Ra1 Rxa1 24. Rxa1 Qe8 25. g4 g5 26. Ra3 Rxa3 27. Qxa3 Qb8 28. Qa1 Be7 29. Qa6 Nd8 30. Bf1 Qb7 31. Qa2 f6 32. Be2 Kg7 33. Bd1 b5 34. cxb5 Bxb5 35. Qa5 Bd3 36. b5 Qb6+ 37. Qxb6 cxb6 38. Nd2 Nb7 39. Be2 Bxe2 40. Nxe2 Bd8 41. Nc4 Bc7 42. Kf2 Nc5 43. Ke3 Kf7 44. Nc1 Ke7 45. Na2 Kd7 46. Nb4 Nb3 47. Nc6 Nc5 48. Nd2 Na4 49. Nf1 Nc3 50. Ng3 Ke8 51. Na7 Bb8 52. Nc6 Bc7 53. Na7 Bb8 54. Kd2 Bxa7 55. Kxc3 Bb8 1/2-1/2

[Event "Moscow op-E"]
[Site "Moscow"]
[Date "2011.02.03"]
[Round "6.204"]
[White "Burkov, Dmitry"]
[Black "Maltsev, Leonid"]
[Result "1/2-1/2"]
[WhiteElo "2026"]
[BlackElo "1852"]
[PlyCount "74"]
[EventDate "2011.01.29"]
[EventType "swiss"]
[EventRounds "9"]
[EventCountry "RUS"]
[SourceTitle "EXT 2022"]
[Source "ChessBase"]
[SourceDate "2021.10.06"]
[SourceVersion "1"]
[SourceVersionDate "2021.10.06"]
[SourceQuality "1"]

1. d4 Nf6 2. c4 g6 3. Nf3 Bg7 4. Nc3 0-0 5. Bg5 d6 6. e3 c5 7. Be2 Bf5 8. 0-0 h6 9. Bh4 g5 10. Bg3 Ne4 11. Rc1 Nxc3 12. bxc3 Nd7 13. Nd2 Nf6 14. Bf3 Qc8 15. Qb3 Rb8 16. Qa3 g4 17. Be2 Nh5 18. Bh4 Bf6 19. Bxf6 Nxf6 20. f3 Kh8 21. Rce1 gxf3 22. Bxf3 Bg4 23. Qc1 Rg8 24. Re2 Bxf3 25. Rxf3 Qg4 26. Qf1 Qh5 27. Rf5 Rg5 28. Rxg5 Qxg5 29. Qf3 Qg4 30. Rf2 Qxf3 31. gxf3 e5 32. Kf1 b5 33. cxb5 Rxb5 34. Re2 cxd4 35. cxd4 Kg7 36. Nb3 Nd7 37. Rc2 Rb7 1/2-1/2

[Event "Moscow op-E"]
[Site "Moscow"]
[Date "2011.01.30"]
[Round "2.222"]
[White "Burkov, Dmitry"]
[Black "Liapustin, Anatoly"]
[Result "1-0"]
[WhiteElo "2026"]
[BlackElo "1750"]
[PlyCount "52"]
[EventDate "2011.01.29"]
[EventType "swiss"]
[EventRounds "9"]
[EventCountry "RUS"]
[SourceTitle "EXT 2022"]
[Source "ChessBase"]
[SourceDate "2021.10.06"]
[SourceVersion "1"]
[SourceVersionDate "2021.10.06"]
[SourceQuality "1"]

1. d4 Nf6 2. c4 c5 3. d5 e6 4. Nc3 exd5 5. cxd5 d6 6. Nf3 Be7 7. h3 0-0 8. Bf4 Re8 9. e3 a6 10. a4 b6 11. Be2 Nbd7 12. 0-0 Nf8 13. Nd2 Ng6 14. Bh2 Bf8 15. Nc4 Ra7 16. Qb3 Rb7 17. Nd2 Rb8 18. Rae1 Nd7 19. Nde4 Bb7 20. f4 Qh4 21. Bc4 Bc8 22. Qc2 f5 23. Qd3 fxe4 24. Nxe4 Bb7 25. Bxa6 Kh8 26. Bb5 Rbd8 1-0

[Event "Moscow op-B"]
[Site "Moscow"]
[Date "2009.11.20"]
[Round "1"]
[White "Tangatarov, Timur"]
[Black "Burkov, Dmitry"]
[Result "1-0"]
[WhiteElo "2121"]
[BlackElo "1400"]
[PlyCount "83"]
[EventDate "2009.01.31"]
[EventType "swiss"]
[EventRounds "9"]
[EventCountry "RUS"]
[SourceTitle "EXT 2012"]
[Source "ChessBase"]
[SourceDate "2011.11.24"]
[SourceVersion "1"]
[SourceVersionDate "2011.11.24"]
[SourceQuality "1"]

1. e4 c5 2. Nf3 Nc6 3. d4 cxd4 4. Nxd4 Qc7 5. Nc3 e6 6. Be2 a6 7. 0-0 Nf6 8. Kh1 Be7 9. f4 d6 10. a4 0-0 11. Be3 Bd7 12. Bf3 Rad8 13. g4 Nxd4 14. Bxd4 e5 15. Ba7 Ra8 16. fxe5 dxe5 17. Be3 Be6 18. g5 Rad8 19. Qe2 Nd7 20. Rfd1 Bc5 21. Bxc5 Nxc5 22. Nd5 Bxd5 23. exd5 e4 24. Bg2 Qe5 25. b4 Nd7 26. Qxe4 Qxg5 27. d6 b6 28. c4 Rfe8 29. Qc2 Re6 30. Bd5 Rh6 31. c5 bxc5 32. bxc5 Nf6 33. Bf3 Ng4 34. Rg1 f5 35. Bxg4 fxg4 36. Qc4+ Kf8 37. Qxg4 Qe5 38. Qg3 Qd4 39. Rad1 Qb2 40. c6 Rg6 41. c7 Qb7+ 42. Qg2 1-0

[Event "RSSU-18 op"]
[Site "Moscow"]
[Date "2009.10.27"]
[Round "7"]
[White "Ulyankin, Igor"]
[Black "Burkov, Dmitry"]
[Result "0-1"]
[WhiteElo "1761"]
[BlackElo "2125"]
[PlyCount "100"]
[EventDate "2009.10.17"]
[EventType "swiss"]
[EventRounds "9"]
[EventCountry "RUS"]
[SourceTitle "EXT 2022"]
[Source "ChessBase"]
[SourceDate "2021.10.06"]
[SourceVersion "1"]
[SourceVersionDate "2021.10.06"]
[SourceQuality "1"]

1. d4 Nf6 2. c4 e6 3. Nc3 Bb4 4. Qc2 c5 5. dxc5 0-0 6. Nf3 Nc6 7. a3 Bxc5 8. Bf4 Re8 9. b4 Bf8 10. e3 a5 11. b5 Ne7 12. Rd1 d5 13. c5 Ng6 14. Na4 Nxf4 15. exf4 Qc7 16. Ne5 Ne4 17. b6 Qe7 18. Bb5 Rd8 19. Rc1 f6 20. Nd3 f5 21. f3 Nf6 22. 0-0 Bd7 23. c6 bxc6 24. Bxc6 Rab8 25. Bxd7 Nxd7 26. Qc6 Kf7 27. Rfe1 Qd6 28. Qxd6 Bxd6 29. Rc6 Ke7 30. g4 fxg4 31. fxg4 Rdc8 32. Rxc8 Rxc8 33. f5 e5 34. Nf4 d4 35. Nd5+ Kf7 36. b7 Rb8 37. Rb1 Bxa3 38. Rb5 e4 39. Kf2 Bd6 40. Nb2 Bxh2 41. Nc4 Nf6 42. Nxa5 Nxg4+ 43. Ke2 Ne5 44. Nb4 Bf4 45. Nbc6 d3+ 46. Kd1 Nxc6 47. Nxc6 e3 48. Ne5+ Bxe5 49. Rxe5 Rxb7 50. Rxe3 Rd7 0-1

[Event "RSSU-18 op"]
[Site "Moscow"]
[Date "2009.10.25"]
[Round "6"]
[White "Burkov, Dmitry"]
[Black "Karpov, Vadim"]
[Result "0-1"]
[WhiteElo "2125"]
[BlackElo "2383"]
[PlyCount "46"]
[EventDate "2009.10.17"]
[EventType "swiss"]
[EventRounds "9"]
[EventCountry "RUS"]
[SourceTitle "EXT 2022"]
[Source "ChessBase"]
[SourceDate "2021.10.06"]
[SourceVersion "1"]
[SourceVersionDate "2021.10.06"]
[SourceQuality "1"]

1. d4 Nf6 2. c4 e6 3. Nc3 Bb4 4. Qc2 c5 5. dxc5 0-0 6. Bf4 Bxc5 7. Nf3 Nc6 8. e3 Qa5 9. Rd1 d5 10. a3 Be7 11. Rd2 Ne4 12. Nxe4 dxe4 13. Nd4 e5 14. Nb3 Qc7 15. Bg3 f5 16. h3 f4 17. Bh2 fxe3 18. fxe3 Bg5 19. Re2 Bf5 20. Nd2 Rad8 21. g4 Bg6 22. Bg2 Rf3 23. Nxe4 Bh4+ 0-1

[Event "RSSU-18 op"]
[Site "Moscow"]
[Date "2009.10.20"]
[Round "3"]
[White "Mazurov, Arslan"]
[Black "Burkov, Dmitry"]
[Result "1/2-1/2"]
[WhiteElo "1616"]
[BlackElo "2125"]
[PlyCount "87"]
[EventDate "2009.10.17"]
[EventType "swiss"]
[EventRounds "9"]
[EventCountry "RUS"]
[SourceTitle "EXT 2022"]
[Source "ChessBase"]
[SourceDate "2021.10.06"]
[SourceVersion "1"]
[SourceVersionDate "2021.10.06"]
[SourceQuality "1"]

1. e4 c5 2. Nf3 d6 3. d4 cxd4 4. Nxd4 Nf6 5. Nc3 a6 6. Be3 e6 7. f3 Be7 8. Qd2 0-0 9. g4 Nc6 10. h4 Qc7 11. h5 b5 12. g5 Nd7 13. g6 Bf6 14. gxf7+ Kxf7 15. Bh3 Nde5 16. Qf2 Nxd4 17. Bxd4 b4 18. Na4 Rb8 19. f4 Nf3+ 20. Qxf3 Bxd4 21. 0-0-0 Bf6 22. Rhe1 Kg8 23. Qb3 Re8 24. f5 Bd7 25. fxe6 Bxa4 26. Qxa4 Bxb2+ 27. Kxb2 Qc3+ 28. Kb1 Qxh3 29. Rxd6 Qxh5 30. Qd7 Qh4 31. Rg1 Qe7 32. Rxa6 Rbd8 33. Qxe7 Rxe7 34. Rg5 Rde8 35. Re5 g6 36. Rb6 Kg7 37. Rxb4 Kf6 38. Reb5 Rxe6 39. a4 h5 40. a5 Ra8 41. Ra4 h4 42. e5+ Rxe5 43. Rxe5 Kxe5 44. Rxh4 1/2-1/2

[Event "RSSU-18 op"]
[Site "Moscow"]
[Date "2009.10.18"]
[Round "2"]
[White "Burkov, Dmitry"]
[Black "Pletnev, Evgeniy"]
[Result "0-1"]
[WhiteElo "2125"]
[BlackElo "2243"]
[PlyCount "72"]
[EventDate "2009.10.17"]
[EventType "swiss"]
[EventRounds "9"]
[EventCountry "RUS"]
[SourceTitle "EXT 2022"]
[Source "ChessBase"]
[SourceDate "2021.10.06"]
[SourceVersion "1"]
[SourceVersionDate "2021.10.06"]
[SourceQuality "1"]

1. d4 Nc6 2. Nf3 d6 3. e4 Bg4 4. c3 a6 5. Nbd2 e5 6. Qb3 Rb8 7. Be2 h6 8. h3 Bd7 9. Bc4 Qf6 10. d5 Na5 11. Qc2 Nxc4 12. Nxc4 g5 13. Ne3 Ne7 14. Ng1 Qg6 15. c4 f5 16. f3 f4 17. Nd1 c6 18. Qd2 h5 19. Nf2 Rh7 20. b3 g4 21. Ba3 gxf3 22. gxf3 cxd5 23. cxd5 Rc8 24. Rc1 Qg2 25. Bxd6 Bb5 26. Ne2 Rxc1+ 27. Qxc1 Qxf3 28. Nc3 Bd7 29. Bxe5 Ng6 30. Bd4 Nh4 31. Ncd1 Bb4+ 32. Bc3 Bb5 33. Qb2 Bxc3+ 34. Nxc3 Ng2+ 35. Kd2 Qxf2+ 36. Kc1 Qxb2+ 0-1

[Event "RUS-ch Seniors"]
[Site "Lesnoj Gorodok"]
[Date "2009.10.10"]
[Round "8"]
[White "Burkov, Dmitry"]
[Black "Semasev, Kim"]
[Result "0-1"]
[WhiteElo "2123"]
[BlackElo "2249"]
[PlyCount "68"]
[EventDate "2009.10.03"]
[EventType "swiss"]
[EventRounds "9"]
[EventCountry "RUS"]
[SourceTitle "CBM 132 Extra"]
[Source "ChessBase"]
[SourceDate "2009.11.03"]
[SourceVersion "1"]
[SourceVersionDate "2009.11.03"]
[SourceQuality "1"]

1. d4 Nf6 2. c4 g6 3. Nc3 Bg7 4. e4 d6 5. Be2 0-0 6. Nf3 c5 7. d5 e6 8. 0-0 exd5 9. cxd5 Bg4 10. Bf4 a6 11. a4 Qe7 12. h3 Bxf3 13. Bxf3 Nbd7 14. a5 Ne5 15. Be2 Rac8 16. Ra4 Nfd7 17. Bg3 g5 18. Nb1 Ng6 19. b3 Nde5 20. Bg4 Nxg4 21. Qxg4 Be5 22. Nd2 Kh8 23. Nc4 Nf4 24. Bxf4 gxf4 25. Rd1 f6 26. Qe6 Qc7 27. Nb6 Rcd8 28. Rc4 Rg8 29. f3 Rg3 30. Rc2 Qg7 31. Kf1 Rg8 32. b4 Rxf3+ 33. Kg1 Rg3 34. Kf1 f3 0-1

[Event "Moscow Chess are Living op"]
[Site "Moscow"]
[Date "2009.07.10"]
[Round "1"]
[White "Burkov, Dmitry"]
[Black "Dubrovin, Anatoly"]
[Result "1/2-1/2"]
[WhiteElo "2123"]
[BlackElo "1932"]
[PlyCount "23"]
[EventDate "2009.07.10"]
[EventType "swiss"]
[EventRounds "9"]
[EventCountry "RUS"]
[SourceTitle "EXT 2022"]
[Source "ChessBase"]
[SourceDate "2021.10.06"]
[SourceVersion "1"]
[SourceVersionDate "2021.10.06"]
[SourceQuality "1"]

1. d4 d5 2. c4 e6 3. Nc3 c6 4. cxd5 exd5 5. Nf3 Bf5 6. Bg5 Be7 7. Bxe7 Nxe7 8. e3 0-0 9. Bd3 Bxd3 10. Qxd3 Nd7 11. 0-0 a5 12. a3 1/2-1/2

[Event "Moscow op-B"]
[Site "Moscow"]
[Date "2009.02.07"]
[Round "8"]
[White "Burkov, Dmitry"]
[Black "Minnehanov, Eldar"]
[Result "1-0"]
[WhiteElo "1400"]
[BlackElo "1979"]
[PlyCount "25"]
[EventDate "2009.01.31"]
[EventType "swiss"]
[EventRounds "9"]
[EventCountry "RUS"]
[SourceTitle "EXT 2012"]
[Source "ChessBase"]
[SourceDate "2011.11.24"]
[SourceVersion "1"]
[SourceVersionDate "2011.11.24"]
[SourceQuality "1"]

1. d4 d5 2. c4 Bf5 3. Qb3 e5 4. Qxb7 Nd7 5. Nc3 exd4 6. Nxd5 Bd6 7. Nf3 c5 8. g3 Ngf6 9. Qc6 Ne4 10. Bg2 0-0 11. 0-0 Nb6 12. Nxb6 axb6 13. Nh4 1-0

[Event "Moscow op-B"]
[Site "Moscow"]
[Date "2009.02.01"]
[Round "3"]
[White "Bessarab, Vsevolod"]
[Black "Burkov, Dmitry"]
[Result "0-1"]
[WhiteElo "1990"]
[BlackElo "1400"]
[PlyCount "37"]
[EventDate "2009.01.31"]
[EventType "swiss"]
[EventRounds "9"]
[EventCountry "RUS"]
[SourceTitle "EXT 2012"]
[Source "ChessBase"]
[SourceDate "2011.11.24"]
[SourceVersion "1"]
[SourceVersionDate "2011.11.24"]
[SourceQuality "1"]

1. e4 c5 2. d4 cxd4 3. c3 dxc3 4. Nxc3 e6 5. Bc4 Bc5 6. Nf3 Ne7 7. 0-0 a6 8. Qe2 Nbc6 9. Rd1 Ng6 10. a3 Qc7 11. b4 Be7 12. Bb2 0-0 13. Rac1 b5 14. Bb3 Bb7 15. g3 Rad8 16. h4 Qb8 17. h5 Nh8 18. h6 gxh6 19. Nd5 0-1

[Event "RUS-ch Seniors"]
[Site "Odintsovo"]
[Date "2008.10.10"]
[Round "8"]
[White "Burkov, Dmitry"]
[Black "Kremenietsky, Anatoly M"]
[Result "0-1"]
[WhiteElo "2170"]
[BlackElo "2357"]
[PlyCount "106"]
[EventDate "2008.10.02"]
[EventType "swiss"]
[EventRounds "9"]
[EventCountry "RUS"]
[SourceTitle "CBM 127 Extra"]
[Source "ChessBase"]
[SourceDate "2009.01.08"]
[SourceVersion "2"]
[SourceVersionDate "2009.01.28"]
[SourceQuality "1"]

1. d4 Nf6 2. c4 e6 3. Nf3 b6 4. g3 Ba6 5. b3 Bb4+ 6. Bd2 Be7 7. Bg2 c6 8. Bc3 d5 9. Nbd2 Nbd7 10. 0-0 0-0 11. Re1 Bb7 12. e4 Rc8 13. Bb2 dxe4 14. Nxe4 c5 15. Nfd2 Ba8 16. Qe2 Bxe4 17. Nxe4 cxd4 18. Bxd4 Qc7 19. Rad1 Rfd8 20. Rd3 Nxe4 21. Bxe4 Nc5 22. Bxc5 bxc5 23. Red1 Rxd3 24. Rxd3 Rd8 25. Qd1 Rxd3 26. Qxd3 g6 27. Bf3 Bf6 28. Kg2 Kg7 29. Qe2 Qd6 30. Qd1 Bd4 31. Qe2 Qe7 32. Qe4 Qg5 33. Qe2 Qc1 34. Qd1 Qa3 35. Qc2 Qb4 36. Qe2 Qc3 37. Bc6 Kf8 38. Bf3 Ke7 39. Qe4 Qb2 40. Qe2 Qa3 41. Qd2 Kf6 42. Qc2 Qa5 43. Kf1 Ke7 44. Ke2 f5 45. Qd2 Qxd2+ 46. Kxd2 Bxf2 47. Ke2 Bd4 48. g4 e5 49. gxf5 gxf5 50. Bd5 e4 51. Bg8 h6 52. Bd5 Kf6 53. a3 a5 0-1

[Event "RUS-ch Seniors"]
[Site "Odintsovo"]
[Date "2008.10.04"]
[Round "3"]
[White "Burkov, Dmitry"]
[Black "Zakharov, Alexander V"]
[Result "1/2-1/2"]
[WhiteElo "2170"]
[BlackElo "2413"]
[PlyCount "32"]
[EventDate "2008.10.02"]
[EventType "swiss"]
[EventRounds "9"]
[EventCountry "RUS"]
[SourceTitle "CBM 127 Extra"]
[Source "ChessBase"]
[SourceDate "2009.01.08"]
[SourceVersion "2"]
[SourceVersionDate "2009.01.28"]
[SourceQuality "1"]

1. d4 Nf6 2. c4 g6 3. Nf3 Bg7 4. g3 0-0 5. Bg2 d5 6. cxd5 Nxd5 7. 0-0 Nb6 8. e4 Bg4 9. d5 c6 10. h3 Bc8 11. Nh2 cxd5 12. exd5 Na6 13. Nc3 Bf5 14. Ng4 Qd7 15. Nh6+ Bxh6 16. Bxh6 Bxh3 1/2-1/2